ბათუმის შოთა რუსთაველის სახელმწიფო უნივერსიტეტის ბიბლიოთეკა

ხამს მოყვარე მოყვრისათვის (ბიბ.ჩანაწერი № 48858)

000 -LEADER
fixed length control field 00889nam a2200217Ia 4500
001 - CONTROL NUMBER
control field 15760
003 - CONTROL NUMBER IDENTIFIER
control field GE_BSU
008 - FIXED-LENGTH DATA ELEMENTS--GENERAL INFORMATION
fixed length control field 181216s||||||||xx |||||||||||||| ||und||
040 ## - CATALOGING SOURCE
Transcribing agency GE_BSU
080 ## - UNIVERSAL DECIMAL CLASSIFICATION NUMBER
Universal Decimal Classification number 821.353.1-311.6 + 821.353.1-11
245 ## - TITLE STATEMENT
Title ხამს მოყვარე მოყვრისათვის
245 ## - TITLE STATEMENT
Remainder of title ისტ. მოთხრობები და პოემა
245 ## - TITLE STATEMENT
Statement of responsibility, etc. კრებული შეადგინა ელგუჯა მაღრაძემ. რედ. რ არჯევანიძე
260 ## - PUBLICATION, DISTRIBUTION, ETC.
Place of publication, distribution, etc. თბილისი
260 ## - PUBLICATION, DISTRIBUTION, ETC.
Name of publisher, distributor, etc. ნაკადული
260 ## - PUBLICATION, DISTRIBUTION, ETC.
Date of publication, distribution, etc. 1966
300 ## - PHYSICAL DESCRIPTION
Extent 244გვ. : ილ., 1ფ. ილ. ; 17სმ
653 ## - INDEX TERM--UNCONTROLLED
Uncontrolled term ისტ. მოთხრობები და პოემა
653 ## - INDEX TERM--UNCONTROLLED
Uncontrolled term ხამს მოყვარე მოყვრისათვის
942 ## - ADDED ENTRY ELEMENTS (KOHA)
Koha item type წიგნი
ეგზემპლარები
Withdrawn status Lost status Damaged status Not for loan Date acquired Barcode Date last seen Price effective from Koha item type
        2018-12-17 39372 2018-12-17 2018-12-17 წიგნი
        2018-12-17 39373 2018-12-17 2018-12-17 წიგნი
        2018-12-17 39374 2018-12-17 2018-12-17 წიგნი
        2018-12-17 39375 2018-12-17 2018-12-17 წიგნი